00840nam a22002057a 4500003000600000005001700006008004100023020001900064020001500083040000800098082001500106100002300121245010200144260005400246300001900300505022900319650001500548650002800563650004300591GBCCL20241126110653.0210416b ||||| |||| 00| 0 eng d a9781481300445  a148130044X cgbc a179.1bGOT aGottlieb, Roger S  aEngaging voices : btales of morality and meaning in an age of global warming /cRoger S Gottlieb aWaco, Tex. : bBaylor University Press, c©2011. avii, 240 pages aIntroduction: the stories of Samuel Prana -- Why am I alive? -- Choose -- What is to be done? -- Pass the turkey -- Whose woods are these? -- Need to know -- Face off -- Despair: in four acts -- Feeling left out? -- The end? aDialogues. a Environmental ethics.  aPHILOSOPHYvEthics & Moral Philosophy.